| 000 | 01218nam a2200277 i 4500 | ||
|---|---|---|---|
| 001 | 80275 | ||
| 003 | ES-MaACL | ||
| 005 | 20250812024130.0 | ||
| 007 | t| | ||
| 008 | 041027m19841987sp ||||1| spa d | ||
| 020 | _a84-206-9812-1 | ||
| 080 | _a7.031/.032 | ||
| 245 | 0 | 0 |
_aHistoria ilustrada de las formas artísticas / _c[traductores Jesús Villaverde y Pablo Martín]. |
| 250 | _a1ª ed. en El libro de bolsillo. | ||
| 260 |
_aMadrid : _bAlianza Editorial, _c1984-1987. |
||
| 300 |
_a12 v. : _bil. ; _c18 cm. |
||
| 490 | 1 |
_aEl libro de bolsillo. Arte ; _v1016, 1028, 1045, 1056, 1073, 1084, 1105, 1123, 1153, 1178, 1199, 1200 |
|
| 505 | 8 | _aContiene: 1. Oriente Medio - 2. Egipto - 3. Grecia - 4. Etruria y Roma - 5. El mundo cristiano hasta el siglo XI - 6. El mundo bizantino - 7. El románico y los comienzos del gótico - 8. El gótico - 9-12. Asia | |
| 650 | 4 |
_aArte- _vHistoria _910107 |
|
| 700 | 1 |
_aVillaverde, Jesús. _9115177 |
|
| 700 | 1 |
_aMartín, Pablo. _977361 |
|
| 830 | 1 | 3 |
_aEl libro de bolsillo. _pArte _v1016, 1028, 1045, 1056, 1073, 1084, 1105, 1123, 1153, 1178, 1199, 1200 _9182950 |
| 852 |
_aES-MaACL _jC-19358-69 _dOlim: P-442 |
||
| 942 | _2udc | ||
| 999 |
_c80275 _d80275 |
||